[Event "Budapest FS09 IM-A"]
[Site "Budapest"]
[Date "1993.??.??"]
[Round "?"]
[White "Lehmann, Karl Heinz"]
[Black "Sapi, Laszlo"]
[Result "1/2-1/2"]
[WhiteElo "2295"]
[BlackElo "2300"]

1.d4 d5 2.c4 dxc4 3.Nf3 Nf6 4.e3 e6 5.Bxc4 c5 6.O-O a6 7.Qe2 Nc6 8.Rd1 Qc7
9.Nc3 Bd6 10.h3 O-O 11.dxc5 Bxc5 12.e4 e5 13.Bg5 Be6 14.Bxf6 gxf6 15.Nd5 Qd8
16.Nh4 Nd4 17.Qh5 Kh8 18.Qh6 Be7 19.Nf5 Bxf5 20.exf5 Rg8 21.Rxd4 exd4 22.Re1 Qf8
23.Qh4 Qg7 24.g3 Bd8 25.Qxd4 Rc8 26.Ne7 Bxe7 27.Rxe7 Rgd8 28.Qf4 Qg5 29.Qxg5 fxg5
30.Bxf7 b5 31.f6 Rf8 32.g4 Rc6 33.Be6 Rxf6 34.Re8+ Kg7 35.Rg8+ Kh6 36.Bf5 a5
37.Kg2 Rc5 38.Kg3 Rcxf5 39.gxf5 Rxf5 40.Ra8 a4 41.Ra6+ Kh5 42.Rb6 Rd5 43.f3 h6
44.b3 a3 45.b4 Rd2 46.Rxb5 Rxa2 47.Ra5 Ra1 48.Ra6 Rg1+ 49.Kf2 Rb1 50.Kg3  1/2-1/2

[Event "Budapest FS02 IM"]
[Site "Budapest"]
[Date "1993.??.??"]
[Round "?"]
[White "Lehmann, Zoltan"]
[Black "Krutti, Valer"]
[Result "1/2-1/2"]
[WhiteElo "2215"]
[BlackElo "2345"]

1.d4 d5 2.c4 dxc4 3.Nf3 Nf6 4.e3 e6 5.Bxc4 c5 6.O-O Nc6 7.dxc5 Qxd1 8.Rxd1 Bxc5
9.b3 a6 10.Bb2 b5 11.Be2 Bb7 12.a4 bxa4 13.Rxa4 Ke7 14.Nbd2 Rhd8 15.Nc4 Rxd1+
16.Bxd1 Ne8 17.Be2  1/2-1/2

[Event "Budapest FS02 IM"]
[Site "Budapest"]
[Date "1993.??.??"]
[Round "?"]
[White "Zsinka, Laszlo"]
[Black "Lehmann, Zoltan"]
[Result "1-0"]
[WhiteElo "2350"]
[BlackElo "2215"]

1.d4 d5 2.c4 dxc4 3.Nf3 Nf6 4.e3 e6 5.Bxc4 c5 6.O-O a6 7.b3 Be7 8.Bb2 O-O
9.Nbd2 Nc6 10.Rc1 cxd4 11.Nxd4 Nxd4 12.Bxd4 Ba3 13.Rc2 Qe7 14.Qa1 b5 15.Be2 Bb7
16.Nb1 Bd6 17.Rd1 Rac8 18.Rdc1 Rxc2 19.Rxc2 Rc8 20.Rxc8+ Bxc8 21.Nd2 Bb7
22.Bf3 Bxf3 23.Nxf3 Bc5 24.Qc1 Bxd4 25.Nxd4 Qb7 26.f3 h6 27.Qc5 Nd5 28.e4 Qb6
29.Qxb6 Nxb6 30.Nc6 Na8 31.Kf2 Kf8 32.Ke3 Ke8 33.Kd4 f6 34.Kc5 Kd7 35.Nb4 Kc7
36.Nxa6+ Kb7 37.Kxb5 Nb6 38.Nc5+ Ka7 39.Nxe6  1-0

[Event "Budapest FS02 GM"]
[Site "Budapest"]
[Date "1993.??.??"]
[Round "?"]
[White "Maiwald, Jens Uwe"]
[Black "Dao Thien Hai"]
[Result "1-0"]
[WhiteElo "2400"]
[BlackElo "2560"]

1.d4 d5 2.c4 dxc4 3.Nf3 Nf6 4.e3 e6 5.Bxc4 c5 6.O-O a6 7.b3 cxd4 8.Nxd4 Bd6
9.Bb2 Qe7 10.Bd3 O-O 11.Nd2 Rd8 12.Qe2 Nbd7 13.Nc4 Bc5 14.Rac1 e5 15.Nf5 Qe6
16.Rfd1 Bf8 17.Bb1 g6 18.Ng3 Re8 19.Qd2 Rb8 20.Ne4 Nxe4 21.Bxe4 Nb6 22.h3 Nxc4
23.Rxc4 Qe7 24.Qc3 Bg7 25.Rc7 Qg5 26.Bd5 Bxh3 27.Rxf7 Kh8 28.Qc7 Rbc8 29.Qxb7 Rg8
30.Re7 Rce8 31.Rxe8 Rxe8 32.Bf3 h5 33.Rc1 Re7 34.Qd5 Kh7 35.Kf1 Bf5 36.Qd8 Qf6
37.Bd5 Qh4 38.Kg1 Bf6 39.Rc7 Rxc7 40.Qxc7+ Kh6 41.Bxe5 Bxe5 42.Qxe5 Qd8 43.e4 Bg4
44.Qf4+ Kg7 45.Qf7+ Kh6 46.e5 Bf5 47.b4 h4 48.Kh2 Qb6 49.Qf8+ Kh5 50.f4 Kg4
51.Qh6  1-0

[Event "Budapest FS02 GM"]
[Site "Budapest"]
[Date "1993.??.??"]
[Round "?"]
[White "Pedersen, Steffen"]
[Black "Maiwald, Jens Uwe"]
[Result "1-0"]
[WhiteElo "2390"]
[BlackElo "2400"]

1.d4 d5 2.c4 dxc4 3.Nf3 Nf6 4.e3 e6 5.Bxc4 c5 6.O-O a6 7.Bb3 Nbd7 8.Qe2 Qc7
9.Nbd2 b6 10.e4 Bb7 11.d5 e5 12.a4 Bd6 13.Nh4 O-O 14.Nc4 b5 15.Nxd6 Qxd6
16.Nf5 Qb8 17.Qf3 Re8 18.Bg5 Kh8 19.Bc2 Rf8 20.Qh3 g6 21.f4 Ng8 22.Nh6 Qd6
23.f5 Ndf6 24.axb5 Rab8 25.fxg6 fxg6 26.Qe6 Qxe6 27.dxe6 Nxe4 28.e7 Rfe8
29.Bxe4 Bxe4 30.Nf7+ Kg7 31.Nd6 Bd3 32.Rf7+  1-0

[Event "Statistika"]
[Site "Budapest"]
[Date "1993.??.??"]
[Round "2"]
[White "Somogyi, Istvan"]
[Black "Petran, Pal"]
[Result "1/2-1/2"]
[WhiteElo "2295"]
[BlackElo "2485"]

1.d4 d5 2.Nf3 Nf6 3.c4 dxc4 4.e3 c5 5.Bxc4 e6 6.Nc3 a6 7.a4 Nc6 8.O-O Be7
9.Qe2 cxd4 10.Rd1 e5 11.exd4 exd4 12.Nxd4 Nxd4 13.Qe3 O-O 14.Rxd4 Qc7 15.Qf4 Qxf4
16.Bxf4 Bc5 17.Rd2 Bf5 18.Rad1 Rac8 19.Bd3 Bxd3 20.Rxd3 Rfe8 21.Kf1 h6 22.Bd6 Re6
23.h3 g5 24.Bxc5 Rxc5 25.Rd6 Rc6 26.Rxe6 Rxe6 27.Rd4 Kf8  1/2-1/2

[Event "Budapest FS10 IM-A"]
[Site "Budapest"]
[Date "1993.??.??"]
[Round "4"]
[White "Kaunas, Kestutis"]
[Black "Estrada Nieto, Julian"]
[Result "1/2-1/2"]
[WhiteElo "2350"]
[BlackElo "2230"]

1.d4 d5 2.c4 dxc4 3.Nf3 Nf6 4.e3 e6 5.Bxc4 c5 6.O-O a6 7.dxc5 Qxd1 8.Rxd1 Bxc5
9.b3 b5 10.Be2 Bb7 11.Bb2 Nbd7 12.Nbd2 O-O 13.a4 b4 14.Rac1 Rac8 15.Nc4 Be7
16.Bxf6 Nxf6 17.Na5 Bd5 18.Bxa6 Rc3 19.Rxc3 bxc3 20.Bd3 Bxf3 21.gxf3 Rc8
22.Kf1 Nd5 23.Nc4 Rb8 24.a5 Rxb3 25.a6 Bc5 26.e4 Nc7 27.Ra1 g6 28.a7 c2 29.Bxc2 Rc3
30.a8=Q+ Nxa8 31.Rxa8+ Kg7 32.Bd3 Rxd3 33.Rc8 Bb4 34.Rb8 Bc5 35.Rb5 Be7 36.Rb7 Kf8
37.Ne5 Rd1+ 38.Ke2 Rc1 39.f4 Rc5 40.Nd7+ Ke8 41.Nxc5 Bxc5 42.Kf3 Kf8 43.Rb5 Ba7
44.Kg3 Kg7 45.f3 Bd4 46.f5 exf5 47.exf5 Kf6 48.Kf4 Bc3 49.h4 Bd4 50.Rd5 Bc3
51.Rd6+ Kg7 52.h5 gxh5 53.Kg5 h6+ 54.Kxh5 Bf6 55.f4 Be7 56.Rxh6 Bf6 57.Rxf6 Kxf6
58.Kg4 Kg7 59.Kf3 Kf6 60.Kg4 Kg7 61.Kf3 Kf6 62.Ke4 Ke7 63.Kd5 Kf6 64.Ke4 Ke7
65.Ke5 f6+  1/2-1/2

[Event "Spring op"]
[Site "Budapest"]
[Date "1993.??.??"]
[Round "7"]
[White "Szabo, Peter"]
[Black "Lehmann, Zoltan"]
[Result "0-1"]
[WhiteElo "2275"]
[BlackElo "2215"]

1.d4 d5 2.Nf3 Nf6 3.c4 dxc4 4.e3 e6 5.Bxc4 c5 6.O-O a6 7.a4 Nc6 8.Qe2 Be7
9.Rd1 Qc7 10.Nc3 O-O 11.d5 Nxd5 12.Nxd5 exd5 13.Bxd5 Bf6 14.e4 Bg4 15.Bxc6 Qxc6
16.Bf4 Rfe8 17.e5 Re6 18.Ra3 Bxf3 19.Rxf3 Qxa4 20.b3 Qc6 21.Rfd3 Rae8 22.Rd5 g6
23.Bg3 Bg7 24.f4 Bf8 25.Qg4 f5 26.Qf3 c4 27.bxc4 Qxc4 28.Rd7 b5 29.Qb7 R8e7
30.h3 Qc6 31.Rxe7 Bxe7 32.Qb8+ Kg7 33.Bf2 a5 34.Qa7 a4 35.Be3 Qa6 36.Qd7 Kh6
37.Rc1 a3 38.Rc7 b4 39.Bc5 Bxc5+ 40.Kh1 Re7  0-1

[Event "Spring op"]
[Site "Budapest"]
[Date "1993.??.??"]
[Round "7"]
[White "Petran, Pal"]
[Black "Gyimesi, Zoltan"]
[Result "1/2-1/2"]
[WhiteElo "2485"]
[BlackElo "2395"]

1.d4 d5 2.c4 dxc4 3.e3 e6 4.Bxc4 Nf6 5.Nf3 c5 6.O-O a6 7.Bb3 Nc6 8.Qe2 cxd4
9.Rd1 Be7 10.exd4 O-O 11.Nc3 Nb4 12.Ne5 Bd7 13.Bg5 Bc6 14.a3 Nbd5 15.Nxc6 bxc6
16.Rac1 Qb6 17.Bc4 h6 18.Na4 Qa5 19.Bxf6 Nxf6 20.Qc2 Ra7 21.Be2 Rc8 22.Bf3 Qd8
23.Nc5 a5 24.Qe2 Qd6 25.Rc4 Nd5 26.g3 Bf8 27.Na4 Qb8 28.Qc2 Rac7 29.Rc1 Qb5
30.Be2 Qb7 31.Nc5 Qb6 32.Nd3 Bd6 33.Bf3 Qb5 34.Nc5 Qb6 35.Qd2 Be7 36.Na4 Qa7
37.Qc2 Bg5 38.Re1 Nb6 39.Nxb6 Qxb6 40.b4 axb4 41.axb4 Bf6 42.Rd1 Be7 43.Qc3 Rb8
44.Rb1 Rbc8 45.Kg2 Bf6 46.h4 Be7 47.Be4 Bf6 48.Rc1 Be7 49.Qe3 Qb5 50.Qc3 Qb6
51.Kg1 Rb8 52.b5 Qxb5 53.Rb1 Qxb1+ 54.Bxb1 Rxb1+ 55.Kg2 Rb8 56.Qa5 Rbc8 57.Qb6 Rd7
58.Qa6 Rdd8 59.Kh3 Bf6 60.h5 Rc7 61.Qb6 Rcd7 62.Qxc6 Rxd4  1/2-1/2

[Event "Statistika"]
[Site "Budapest"]
[Date "1993.??.??"]
[Round "7"]
[White "Nemeth, Zoltan"]
[Black "Petran, Pal"]
[Result "1/2-1/2"]
[WhiteElo "2380"]
[BlackElo "2485"]

1.Nf3 d5 2.d4 Nf6 3.c4 dxc4 4.e3 c5 5.Bxc4 e6 6.O-O a6 7.dxc5 Qxd1 8.Rxd1 Bxc5
9.Nbd2 Nc6 10.Nb3 Be7 11.Bd2 O-O 12.Be1  1/2-1/2

[Event "Buenos Aires Najdorf op"]
[Site "Buenos Aires"]
[Date "1993.??.??"]
[Round "4"]
[White "Paglilla, Carlos"]
[Black "Spangenberg, Hugo"]
[Result "0-1"]
[WhiteElo "2325"]
[BlackElo "2505"]

1.d4 d5 2.Nf3 Nf6 3.c4 dxc4 4.e3 e6 5.Bxc4 c5 6.O-O a6 7.dxc5 Qxd1 8.Rxd1 Bxc5
9.b3 Nbd7 10.Bb2 O-O 11.Be2 b5 12.Nbd2 Bb7 13.Rac1 Rac8 14.Nf1 Nd5 15.Ng3 N7f6
16.h3 Bb4 17.Rxc8 Rxc8 18.Rc1 Rxc1+ 19.Bxc1 Bd6 20.Bd3 Bxg3 21.fxg3 Nb4 22.Bb1 Be4
23.a3 Nc6 24.Bxe4 Nxe4 25.g4 Na5 26.b4 Nc4 27.Nd4 e5 28.Nb3 f6 29.Kf1 Kf7
30.Ke2 Ke6 31.Kd3 Kd5 32.Ke2 h6 33.Na1 Ned6 34.Nb3 Ne4 35.Na1 Ncd6 36.Kd3 Nf2+
37.Ke2 Nde4 38.Nb3 Kc4 39.Nc5 Nxc5 40.bxc5 Ne4 41.c6 Nd6 42.Bd2 Kd5 43.c7 Kc6
44.Ba5 e4 45.h4 Kd7 46.h5 Ne8 47.Kd2 Nxc7 48.Kc3 Ne6 49.Kb3 Kc6 50.Kb4 Nf8
51.Kc3 Kd5 52.Kb4 Nd7 53.Bc7 Kc6 54.Bd8 Ne5 55.g5 fxg5 56.Be7 Ng4 57.Bf8 Nxe3
58.Bxg7 Nf5 59.Bf8 g4 60.Kc3 Kd5 61.Kb4 e3 62.Ka5 e2 63.Bb4 Nd4 64.Kxa6 Kc4  0-1

[Event "Buenos Aires op3"]
[Site "Buenos Aires"]
[Date "1993.??.??"]
[Round "4"]
[White "Debarnot, Roberto"]
[Black "Spangenberg, Hugo"]
[Result "1-0"]
[WhiteElo "2355"]
[BlackElo "2505"]

1.d4 d5 2.c4 dxc4 3.Nf3 Nf6 4.e3 e6 5.Bxc4 c5 6.O-O a6 7.a4 Nc6 8.Nc3 Qc7
9.d5 exd5 10.Nxd5 Nxd5 11.Qxd5 Na5 12.Ba2 Be6 13.Qe4 Qe7 14.Bd2 Bxa2 15.Qxe7+ Bxe7
16.Rxa2 Nb3 17.Bc3 O-O 18.a5 f6 19.Ra3 c4 20.Ra4 Rac8 21.Rd1 Rfd8 22.Rxd8+ Bxd8
23.Nd4 Rc5 24.Kf1 Nxd4 25.Bxd4 Rxa5 26.Rxc4 Kf7 27.Ke2 Ke6 28.Rb4 b5 29.Bc3 Ra1
30.Rg4 Kf7 31.Rd4 Be7 32.Rd7 a5 33.Ra7 Rg1 34.Bxa5 Ke6 35.g3 b4 36.Bb6 g5
37.Kf3 h5 38.h3 f5 39.Bd4 g4+ 40.hxg4 hxg4+ 41.Ke2 Bd6 42.Rh7 Bf8 43.Rh5 Rb1
44.e4 fxe4 45.Re5+ Kd6 46.Rxe4 Bh6 47.Bf6 b3 48.Rxg4 Rc1 49.Rb4 Rc2+ 50.Kf1 Ke6
51.Rb6+ Kf7 52.Bd4 Bf8 53.Rxb3 Ke6 54.Re3+ Kd5 55.Bc3 Bc5 56.Re2 Rc1+ 57.Kg2  1-0

[Event "Buenos Aires FMD op"]
[Site "Buenos Aires"]
[Date "1993.??.??"]
[Round "6"]
[White "Rodriguez, Jorge Luis"]
[Black "Ricardi, Pablo"]
[Result "1-0"]
[WhiteElo "2370"]
[BlackElo "2470"]

1.d4 d5 2.c4 dxc4 3.e3 Nf6 4.Bxc4 e6 5.Nf3 c5 6.O-O a6 7.b3 cxd4 8.Nxd4 Be7
9.Bb2 O-O 10.Nd2 b5 11.Be2 Bb7 12.a4 bxa4 13.Rxa4 Nbd7 14.Bf3 Nd5 15.Nc4 Rc8
16.Ra1 Nc5 17.Ne5 Qb6 18.Nc4 Qc7 19.Rc1 Rfd8 20.Nd2 Qb6 21.Nc4 Qc7 22.Nd2 Qb8
23.Ba1 a5 24.Nc4 Ba6 25.Be2 Qb4 26.Ne5 Bb7 27.Bb5 Ne4 28.Qd3 Ndf6 29.Rxc8 Rxc8
30.Nec6 Qd6 31.Nxe7+ Qxe7 32.f3 Nd6 33.Ba6 Bxa6 34.Qxa6 Qc7 35.Bb2 Rb8 36.Rc1 Qb6
37.Rc6 Qxa6 38.Rxa6 Nfe8 39.Rxa5 f6 40.Ra3 e5 41.Nc6 Rb6 42.Ne7+ Kf7 43.Nd5 Rb7
44.e4 Nb5 45.Ra6 Nec7 46.Rb6 Ra7 47.Nb4 Ke8 48.Kf1 Kd7 49.Ke2 Nd6 50.Kd3 Ra8
51.Kc2 Nc8 52.Rc6 Ne6 53.Ra6 Rb8 54.Nd3 Rb7 55.Bc3 Nd6 56.Bb4 Nb5 57.Nc5+ Nxc5
58.Bxc5 Rc7 59.b4 Nd4+ 60.Kd3 Ne6 61.Rd6+ Ke7 62.Rc6+ Nxc5+ 63.Rxc5 Ra7 64.Rc2 Kd6
65.Kc4 Kc6 66.b5+ Kb6 67.Kb4 Ra1 68.Rc6+ Kb7 69.Re6 Rb1+ 70.Ka4 Ra1+ 71.Kb3 Rg1
72.Re7+ Kb6 73.Rxg7 Kxb5 74.Kc3 Kc5 75.Kd3 h5 76.Ke3 h4 77.Kf2 Ra1 78.h3 Ra5
79.Kg1 Kd4 80.Rg4 Ke3 81.Rxh4 Ra6 82.Rg4  1-0

[Event "Capablanca mem-A"]
[Site "?"]
[Date "1993.??.??"]
[Round "3"]
[White "Vera, Reynaldo"]
[Black "Howell, James C"]
[Result "1/2-1/2"]
[WhiteElo "2515"]
[BlackElo "2470"]

1.d4 d5 2.c4 dxc4 3.e3 Nf6 4.Bxc4 e6 5.Nf3 c5 6.Qe2 a6 7.dxc5 Bxc5 8.O-O Qc7
9.Nbd2 Nbd7 10.Bd3 O-O 11.b3 b6 12.Bb2 Bb7 13.Rac1 Qb8 14.Nc4 Rd8 15.Rfd1 Be4
16.Bxe4 Nxe4 17.Nfe5 Nxe5 18.Bxe5 Qb7 19.Qb2  1/2-1/2

[Event "Capablanca mem-A"]
[Site "?"]
[Date "1993.??.??"]
[Round "3"]
[White "Hebden, Mark"]
[Black "Magem Badals, Jorge"]
[Result "1/2-1/2"]
[WhiteElo "2520"]
[BlackElo "2510"]

1.d4 d5 2.c4 dxc4 3.Nf3 Nf6 4.e3 e6 5.Bxc4 c5 6.O-O a6 7.Bd3 Nbd7 8.Qe2 b6
9.Rd1 Bb7 10.Nc3 Qc7 11.Bd2 Bd6 12.Rac1 O-O 13.h3 Qb8 14.Bb1 b5 15.Ng5 Bh2+
16.Kh1 cxd4 17.exd4 Bf4 18.a3 Bxd2 19.Qxd2 Rd8  1/2-1/2

[Event "Capablanca mem-A"]
[Site "?"]
[Date "1993.??.??"]
[Round "9"]
[White "Vera, Reynaldo"]
[Black "Magem Badals, Jorge"]
[Result "1/2-1/2"]
[WhiteElo "2515"]
[BlackElo "2510"]

1.d4 d5 2.c4 dxc4 3.e3 Nf6 4.Bxc4 e6 5.Nf3 c5 6.Qe2 cxd4 7.exd4 Be7 8.O-O O-O
9.Nc3 a6 10.Bg5 b5 11.Bb3 Bb7 12.Rad1 Nbd7 13.Ne5 Nb6 14.Rfe1 Nfd5 15.Nxd5 Nxd5
16.Bxe7 Qxe7 17.Nd3 Nf6 18.Qe5 Rfd8 19.Rc1  1/2-1/2

[Event "Capablanca mem-B"]
[Site "?"]
[Date "1993.??.??"]
[Round "7"]
[White "Toth, Christian Endre"]
[Black "Alvarez Ibarra, D Rafael"]
[Result "1-0"]
[WhiteElo "2420"]
[BlackElo "2420"]

1.Nf3 d5 2.d4 c6 3.c4 e6 4.e3 Nf6 5.Bd3 dxc4 6.Bxc4 c5 7.Qe2 a6 8.dxc5 Bxc5
9.O-O Nbd7 10.e4 b5 11.Bb3 Bb7 12.e5 Bxf3 13.gxf3 Nh5 14.Qe4 O-O 15.Nc3 Qe7
16.Qg4 g6 17.Bg5 Qe8 18.f4 Be7 19.Bh6 Nc5 20.Bxf8 Bxf8 21.Rad1 Qc6 22.Rd4 Nxb3
23.axb3 b4 24.Rc4 Qb6 25.Ne4 Rd8 26.Rd1 Kg7 27.Rxd8 Qxd8 28.Ng3 Nxg3 29.hxg3 Be7
30.Qe2 h5 31.Rc1 h4 32.Rd1 Qh8 33.g4 h3 34.Kh2 Qh6 35.Qf3 Bc5 36.Rg1 Bd4
37.Rg3 g5 38.Rxh3 Qg6 39.Qa8  1-0

[Event "Cappelle op"]
[Site "Cappelle la Grande"]
[Date "1993.??.??"]
[Round "9"]
[White "Gofshtein, Leonid D"]
[Black "Yakovich, Yuri"]
[Result "1/2-1/2"]
[WhiteElo "2560"]
[BlackElo "2510"]

1.Nf3 d5 2.d4 Nf6 3.c4 dxc4 4.e3 e6 5.Bxc4 c5 6.O-O a6 7.dxc5 Bxc5 8.Qxd8+ Kxd8
9.b3 Ke7 10.Bb2 Nbd7 11.Nbd2 b5 12.Be2 Bb7  1/2-1/2

[Event "JUG-chT"]
[Site "Cetinje"]
[Date "1993.??.??"]
[Round "?"]
[White "Blagojevic, Dragisa"]
[Black "Djukic, Zeljko"]
[Result "1/2-1/2"]
[WhiteElo "2465"]
[BlackElo "2370"]

1.d4 d5 2.c4 dxc4 3.e3 Nf6 4.Bxc4 e6 5.Nf3 c5 6.Qe2 a6 7.dxc5 Bxc5 8.O-O Nc6
9.Nbd2 O-O 10.e4 e5 11.Nb3 Ba7 12.Be3 Bg4 13.Rfd1 Qe7 14.Bxa7 Rxa7 15.Bd5 Nb4
16.h3 Bxf3 17.Qxf3 a5  1/2-1/2

[Event "Cheliabinsk"]
[Site "Cheliabinsk"]
[Date "1993.??.??"]
[Round "?"]
[White "Gleizerov, Evgeny"]
[Black "Bashkov, Viacheslav"]
[Result "1-0"]
[WhiteElo "2525"]
[BlackElo "2430"]

1.d4 d5 2.c4 dxc4 3.e3 e6 4.Nf3 Nf6 5.Bxc4 c5 6.Qe2 a6 7.dxc5 Bxc5 8.O-O b5
9.Bd3 Bb7 10.Bxb5+ Nbd7 11.Ba4 Qc7 12.Nc3 O-O 13.Bc2 Rab8 14.e4 Ng4 15.h3 Nge5
16.Nxe5 Nxe5 17.Bf4 Bd4 18.Rac1 Rbc8 19.Bb3 Qa5 20.Bd2 Kh8 21.Kh1 Qb6 22.Na4 Qb5
23.Nc3 Qxe2 24.Nxe2 Bxb2 25.Rxc8 Rxc8 26.Rb1 Bxe4 27.Rxb2 Nd3 28.Bc2 Bxg2+
29.Kxg2 Nxb2 30.Bb3 Nc4 31.Be1 e5 32.Ng3 g6 33.Kf3 Kg7 34.Ke4 f5+ 35.Kd5 Nb2
36.Ba5 Nd3 37.Bb6 Kf6 38.Kd6 e4 39.h4 Kg7 40.Bd4+ Kf8 41.Bb6 Nc1 42.Be6 Rc2
43.Be3 Nd3 44.Bb3 Rb2 45.Bd4 Rb1 46.h5 Re1 47.h6 f4 48.Kd7  1-0

[Event "CUB-ch"]
[Site "?"]
[Date "1993.??.??"]
[Round "4"]
[White "Vera, Reynaldo"]
[Black "Perez, Isael"]
[Result "1-0"]
[WhiteElo "2525"]
[BlackElo "2250"]

1.d4 d5 2.c4 dxc4 3.e3 Nf6 4.Bxc4 e6 5.Nf3 c5 6.Qe2 a6 7.dxc5 Bxc5 8.O-O Nc6
9.e4 Ng4 10.e5 Nd4 11.Nxd4 Qxd4 12.Nd2 Nxe5 13.Nb3 Qxc4 14.Qxe5 Bf8 15.Rd1 f6
16.Qg3 e5 17.f4 Bc5+ 18.Nxc5 Qxc5+ 19.Be3 Qe7 20.Rac1 Qf7 21.Bc5 b6 22.Bd6 Bd7
23.fxe5  1-0

[Event "CUB-ch"]
[Site "?"]
[Date "1993.??.??"]
[Round "6"]
[White "Vera, Reynaldo"]
[Black "Arencibia, Walter"]
[Result "1/2-1/2"]
[WhiteElo "2525"]
[BlackElo "2485"]

1.d4 d5 2.c4 dxc4 3.e3 Nf6 4.Bxc4 e6 5.Nf3 c5 6.dxc5 Qxd1+ 7.Kxd1 Bxc5 8.Ke2 Ke7
9.a3 Nc6 10.b4 Bb6 11.Bb2 Bd7 12.Nbd2 Rac8 13.Rac1 Rhd8 14.Rhd1 Be8 15.Bb3  1/2-1/2

[Event "Cuxhaven op"]
[Site "Cuxhaven"]
[Date "1993.??.??"]
[Round "8"]
[White "Jasnikowski, Zbigniew"]
[Black "Meins, Gerlef"]
[Result "1/2-1/2"]
[WhiteElo "2450"]
[BlackElo "2430"]

1.d4 d5 2.c4 dxc4 3.Nf3 Nf6 4.e3 e6 5.Bxc4 c5 6.O-O a6 7.Qe2 b5 8.Bb3 Bb7
9.Nc3 Nbd7 10.Rd1 Qb8 11.d5 exd5 12.e4 d4 13.e5 Bxf3 14.Qxf3 Nxe5 15.Qe2 Bd6
16.Nd5 Nxd5 17.Bxd5 O-O 18.Bxa8 Qxa8 19.a4 Qc6 20.axb5 axb5 21.f4 Ng6 22.g3 c4
23.Qg2 Qb6 24.Kh1 Ne7 25.Qe4 Nc6 26.Kg2 Bc5 27.Bd2 b4 28.Rab1 Na5 29.Be1 Nb3
30.f5 Qd8 31.Bf2 Re8 32.Qc6 Qa8 33.Qxa8 Rxa8 34.Kf3 Re8 35.Re1 Nd2+ 36.Kf4 Rd8
37.Rbd1 c3 38.Rxd2 cxd2 39.Rd1 g6 40.Rxd2 Ba7 41.fxg6 hxg6 42.Ke4 f5+ 43.Kd3 Kf7
44.Rc2 Kf6 45.Rc4 Kg5 46.Rxb4 Kg4 47.Rb7 Bb8 48.Rg7 g5 49.Be1 f4 50.Bd2  1/2-1/2

[Event "Narancs Cup"]
[Site "Eger"]
[Date "1993.??.??"]
[Round "10"]
[White "Krutti, Valer"]
[Black "Kiss, Pal"]
[Result "1/2-1/2"]
[WhiteElo "2350"]
[BlackElo "2420"]

1.d4 d5 2.c4 dxc4 3.Nf3 Nf6 4.e3 e6 5.Bxc4 c5 6.O-O a6 7.dxc5 Bxc5 8.Qxd8+ Kxd8
9.a3 Ke7 10.b4 Bd6 11.Bb2 Nbd7 12.Nbd2  1/2-1/2

[Event "ESP-ch"]
[Site "?"]
[Date "1993.??.??"]
[Round "7"]
[White "Cacho Reigadas, Sergio"]
[Black "Magem Badals, Jorge"]
[Result "1/2-1/2"]
[WhiteElo "2360"]
[BlackElo "2505"]

1.d4 d5 2.c4 dxc4 3.Nf3 Nf6 4.e3 e6 5.Bxc4 c5 6.O-O a6 7.Bb3 b5 8.a4 b4 9.Qe2 Bb7
10.Rd1 Nc6 11.Bc2 cxd4 12.exd4 Be7 13.Bg5 O-O 14.Nbd2 Na5 15.Ne5 Qd5 16.Ndf3 Rfc8
17.Bd3 h6 18.Bxf6 Bxf6 19.Ng4 Nb3 20.Nxf6+ gxf6 21.Qe3 Nxa1 22.Qxh6 f5 23.Rxa1 Rc7
24.Qg5+ Kf8 25.Re1 Rac8 26.h4 Qd8 27.Qh6+ Ke7 28.Qg5+ Kf8 29.Qh6+ Kg8 30.Ng5 Qxd4
31.Nh7 Qg7 32.Nf6+ Kf8  1/2-1/2

[Event "Farum op (Women)"]
[Site "Farum"]
[Date "1993.??.??"]
[Round "6"]
[White "Kas Fromm, Rita"]
[Black "Grinfeld, Alla B"]
[Result "1/2-1/2"]
[WhiteElo "2225"]
[BlackElo "2245"]

1.d4 d5 2.c4 dxc4 3.Nf3 Nf6 4.e3 e6 5.Bxc4 c5 6.O-O a6 7.a4 Nc6 8.Nc3 cxd4
9.exd4 Be7 10.Be3 O-O 11.Qe2 b6 12.Rad1 Nb4 13.Ne5 Bb7 14.f4 g6 15.Bc1  1/2-1/2

[Event "Peer Gynt"]
[Site "Gausdal"]
[Date "1993.??.??"]
[Round "5"]
[White "Thorsson, Olafur"]
[Black "Degerman, Lars"]
[Result "0-1"]
[WhiteElo "2200"]
[BlackElo "2460"]

1.d4 d5 2.c4 dxc4 3.e3 e6 4.Nf3 Nf6 5.Bxc4 c5 6.O-O a6 7.a4 Nc6 8.Nc3 cxd4
9.exd4 Be7 10.Bg5 O-O 11.Re1 Nb4 12.Ne5 Bd7 13.Rc1 Bc6 14.Re3 Nfd5 15.Bxe7 Nxe3
16.Bxd8 Nxd1 17.Be7 Nxc3 18.Rxc3 a5 19.Bxf8 Kxf8 20.Nxc6 Nxc6 21.d5 exd5
22.Bxd5 Rd8 23.Rc5 Nb4 24.Bf3 b6 25.Rc3 Rd2 26.b3 Ke7 27.Kf1 Rc2 28.Rxc2 Nxc2
29.Be4 Nd4 30.Bd5 f6 31.Ke1 Kd6 32.Bg8 h6 33.Kd2 Kc5 34.Kc3 g5 35.Bh7 f5
36.h3 Kd5 37.Kd3 Kc5 38.Kc3 Ne2+ 39.Kd2 Nf4 40.g3 Nxh3 41.Ke2 f4 42.Kf3 Ng1+
43.Kg4 fxg3 44.fxg3 Ne2 45.Bg6 Kd4 46.Kf3 Nc1 47.Bf7 Nd3 48.Kg2 Ne5 49.Be6 h5
50.Kh3 Kc3 51.Bd5 Nd3 52.Bf7 h4 53.g4 Nf2+  0-1

[Event "Peer Gynt"]
[Site "Gausdal"]
[Date "1993.??.??"]
[Round "5"]
[White "Rashkovsky, Nukhim N"]
[Black "Savchenko, Stanislav"]
[Result "1/2-1/2"]
[WhiteElo "2530"]
[BlackElo "2530"]

1.d4 d5 2.Nf3 Nf6 3.c4 e6 4.e3 dxc4 5.Bxc4 c5 6.O-O a6 7.dxc5 Bxc5 8.Qxd8+ Kxd8
9.a3 Ke7 10.Nbd2 Nbd7 11.b4 Bd6 12.Bb2 b5 13.Be2 Bb7 14.Nb3 Rac8 15.Na5 Bd5
16.Rac1 Nb6 17.Ne5 Rxc1 18.Rxc1 Rc8 19.Rxc8 Nxc8 20.f3 Ba8 21.e4 Ne8 22.Bd4 f6
23.Nd3 e5 24.Be3 Nc7 25.Nc5 Bxc5 26.Bxc5+ Kd7 27.Kf2 Ne6 28.Be3 Nd6 29.Ke1 f5
30.exf5 Nxf5 31.Kd2 Bd5 32.Bd3 g6 33.Bf2 Nf4 34.Bf1 Ne6 35.Kc3  1/2-1/2

[Event "Goch op"]
[Site "Goch"]
[Date "1993.??.??"]
[Round "4"]
[White "Barsov, Alexei"]
[Black "Thanner, Hans Peter"]
[Result "1-0"]
[WhiteElo "2445"]
[BlackElo "2120"]

1.d4 d5 2.c4 dxc4 3.Nf3 Nf6 4.e3 e6 5.Bxc4 c5 6.O-O a6 7.Bd3 Nc6 8.Nc3 Be7
9.dxc5 Bxc5 10.a3 b5 11.b4 Bd6 12.Ne4 Nxe4 13.Bxe4 Bb7 14.Bb2 O-O 15.Qc2 f5
16.Bxc6 Rc8 17.Nd4 Rf6 18.Rac1 Bxh2+ 19.Kxh2 Rh6+ 20.Kg1 Qh4 21.f4 Qh2+ 22.Kf2 Rh3
23.Qb3 Qg3+ 24.Ke2 Rxc6 25.Rxc6 Qxg2+ 26.Rf2 Qg4+ 27.Kd2  1-0

[Event "Graz op"]
[Site "Graz"]
[Date "1993.??.??"]
[Round "8"]
[White "Singer, Richard"]
[Black "Raffalt, Manfred"]
[Result "0-1"]
[WhiteElo "2235"]
[BlackElo "2230"]

1.d4 d5 2.Nf3 Nf6 3.c4 dxc4 4.e3 e6 5.Bxc4 c5 6.O-O a6 7.a4 Nc6 8.Nc3 Be7
9.Qe2 cxd4 10.Rd1 d3 11.Bxd3 Qc7 12.e4 Nb4 13.e5 Nd7 14.Bf4 Nxd3 15.Qxd3 O-O
16.Ne4 Nc5 17.Qc2 a5 18.Nfg5 g6 19.Ra3 b6 20.Rh3 Bb7 21.Nd6 Qc6 22.Nxb7 Qxb7
23.Nxh7 Rfd8 24.f3 Rxd1+ 25.Qxd1 Rd8 26.Qe2 Qd7 27.Nf6+ Bxf6 28.exf6 Qxa4
29.g4 Qxf4  0-1

[Event "Guichen op"]
[Site "Guichen"]
[Date "1993.??.??"]
[Round "?"]
[White "Collas, Didier"]
[Black "Alawieh, Amine"]
[Result "0-1"]
[WhiteElo "2250"]
[BlackElo "2310"]

1.d4 d5 2.c4 dxc4 3.Nf3 Nf6 4.e3 e6 5.Bxc4 c5 6.Qe2 a6 7.dxc5 Bxc5 8.O-O O-O
9.a3 b5 10.Bd3 Bb7 11.b4 Bd6 12.Bb2 Nbd7 13.Nbd2 Qb8 14.h3 Rd8 15.Rfd1 Ne5
16.Nxe5 Bxe5 17.Nb3 Bd5 18.Nd4 Qb6 19.f4 Bd6 20.e4 Bb3 21.e5 Bxd1 22.Rxd1 Be7
23.Kh2 Nd5 24.Qe4 g6 25.Rf1 Rac8 26.Nb3 Nc3 27.Qf3 Na4 28.Ba1 Rd7 29.Be4 Bf8
30.Na5 Rdc7 31.Bb7 Rd8 32.Be4 Rcc8 33.h4 Rd2 34.h5 Qd8 35.hxg6 Qh4+ 36.Kg1 hxg6
37.Nb3 Rdd8 38.Bb7 Rc2 39.Nd4 Ra2 40.Bxa6 Rxa1 41.Rxa1 Rxd4 42.g3 Qd8 43.Bxb5 Qb6
44.Qf2 Nc3 45.Bf1 Ne4  0-1

[Event "Wichern op"]
[Site "Hamburg"]
[Date "1993.??.??"]
[Round "4"]
[White "Hegeler, Frank"]
[Black "Lazarev, Vladimir"]
[Result "0-1"]
[WhiteElo "2195"]
[BlackElo "2440"]

1.d4 Nf6 2.Nf3 d5 3.c4 dxc4 4.e3 e6 5.Bxc4 c5 6.O-O a6 7.Bb3 cxd4 8.exd4 Nc6
9.Nc3 Na5 10.Bc2 b5 11.Bg5 Be7 12.Qe2 Bb7 13.Rad1 O-O 14.Ne5 Rc8 15.Bxf6 Bxf6
16.Ne4 Bxe4 17.Bxe4 Qd6 18.b3 g6 19.f4 Rc3 20.Qf2 Bd8 21.Qd2 b4 22.Kh1 Bb6
23.Rfe1 f6 24.Nf3 Rd8 25.d5 f5 26.dxe6 Qxd2 27.Nxd2 fxe4 28.e7 Re8 29.Nxe4 Rxe7
30.Nf6+ Kf7 31.Rxe7+ Kxe7 32.Nd5+ Ke6 33.Nxb6 Rc2 34.Nd5 Nc6 35.Nc7+ Kf5
36.Nxa6 Rxa2 37.Nc5 Kxf4 38.Kg1 Rc2 39.Ne6+ Ke3 40.Re1+ Kd2 41.Rf1 Kc3 42.Rf3+ Kb2
43.Rh3 Rc3 44.Rxh7 Kxb3 45.Nf4 Ka4 46.Rb7 b3 47.Nd5 Rc5 48.Nb6+ Ka3 49.Nd7 Rc1+
50.Kf2 b2 51.Nf8 Nb4  0-1

[Event "Harkany op"]
[Site "Harkany"]
[Date "1993.??.??"]
[Round "9"]
[White "Lugovoi, Aleksei"]
[Black "Varga, Zoltan"]
[Result "1-0"]
[WhiteElo "2390"]
[BlackElo "2475"]

1.d4 d5 2.c4 dxc4 3.e3 Nf6 4.Bxc4 e6 5.Nf3 c5 6.O-O a6 7.b3 Nc6 8.Bb2 b5
9.Be2 Bb7 10.a4 bxa4 11.Rxa4 Nb4 12.Ne5 cxd4 13.Ba3 Qd5 14.Bf3 Qb5 15.exd4 Rc8
16.Be2 Qd5 17.f3 Nc6 18.Nc3 Qd8 19.Bxf8 Kxf8 20.Nxc6 Rxc6 21.Ne4 Rb6 22.Nc5 Bc6
23.Rxa6 Rxa6 24.Bxa6 Qd6 25.Qd3 Ke7 26.Ne4 Nxe4 27.fxe4 Bxe4 28.Qxe4 Qxa6
29.Qe5 Qb6 30.Qxg7 Rf8 31.Qf6+ Kd7 32.Ra1 Qxb3 33.h3 Qe3+ 34.Kh1 h5 35.Qg7 Rc8
36.Qxf7+ Kd6 37.Ra6+ Rc6 38.Qf8+ Kd5 39.Qd8+ Ke4 40.Rxc6  1-0